Obálka Náhled e-knihy:
PDF Epub
Pro půjčování e-knih musíte být přihlášeni.
Jak si půjčit online?

Padnout na zem /

Některé dluhy se nedají splatit. Romantika s hrdiny autorčina románu Všemi smysly.

Uloženo v:
Série:Vzlety a pády, část 4
Hlavní autor: Yarros, Rebecca, 1981- (Autor)
Další autoři: Hejnová, Kateřina, 1987- (Autor)
Médium: E-kniha
Jazyk:Czech
Vydáno: V Praze : Fragment, 2025
Vydání:1. vydání
Témata:
Příbuzné jednotky:Z cyklu:: Vzlety a pády
Tagy:
Žádné tagy
LEADER 02560nam a2200469 i 4500
001 312763
003 CZ PrSKC
005 20260601215728.0
007 ta
008 250728s2025 xr g 000 f cze
015 |a cnb003697639 
020 |a 9788025373637  |q (brožováno) :  |c Kč 499,00 
035 |a (OCoLC)1535681238 
040 |a ABG001  |b cze  |e rda 
041 1 |a cze  |h eng 
072 7 |a 821.111(73)-3  |x Americká próza  |2 Konspekt 
080 |a 821.111(73)-31  |2 MRF 
080 |a (0:82-312.5)  |2 MRF 
100 1 |a Yarros, Rebecca,  |d 1981-  |7 xx0306981  |4 aut 
240 1 0 |a Hallowed ground.  |l Česky 
245 1 0 |a Padnout na zem /  |c Rebecca Yarros ; přeložila Kateřina Hejnová 
250 |a 1. vydání 
264 1 |a V Praze :  |b Fragment,  |c 2025 
300 |a 435 stran ;  |c 21 cm 
336 |a text  |b txt  |2 rdacontent 
337 |a bez média  |b n  |2 rdamedia 
338 |a svazek  |b nc  |2 rdacarrier 
500 |a Přeloženo z angličtiny 
520 2 |a Některé dluhy se nedají splatit. Romantika s hrdiny autorčina románu Všemi smysly.  |b Josh Walker rád balancuje na hraně a je snem každé dívky. Oči má však jen pro Ember Howardovou. Společně ustáli smrt jejího otce, armádní leteckou školu i vztah na dálku. Teď před ně ale život staví novou výzvu - Josh míří do Afghánistánu. Do země, která ho už jednou málem zabila. Ani jejich poslední společné dny naplněné láskou, vášní a spřádáním plánů do budoucna Embeřin strach nezmírní. Smrt jejího otce ji totiž naučila, že některé překážky nepřekoná ani láska. Letecká škola skončila. Začíná válka. Nakladatelská anotace. 
653 0 |a literatura new adult 
655 7 |a americké romány  |7 fd131796  |2 czenas 
655 7 |a milostné romány  |7 fd132840  |2 czenas 
655 9 |a American fiction  |2 eczenas 
655 9 |a love novels  |2 eczenas 
700 1 |a Hejnová, Kateřina,  |d 1987-  |7 hka20191024821  |4 trl 
787 0 8 |i Z cyklu:  |t Vzlety a pády  |g 4  |w (CZ-CtDS)5e1b4c5b-fc14-5db4-a49f-7e2d5c6cfaa8 
900 |a ABA001  |b 21 
928 9 |a Albatros Media - Fragment 
044 |a xr 
910 |a RBIT002 
998 |d 421316  |a https://core.palmknihy.cz/api/books/421316/cover?syz38n  |b https://core.palmknihy.cz/api/books/421316/cover/400?syz38n  |c https://core.palmknihy.cz/api/books/421316/cover/50?syz38n  |e 2029-11-12  |g 440  |i 9788025373637  |j https://core.palmknihy.cz/api/books/421316/preview.epub  |k https://core.palmknihy.cz/api/books/421316/preview.pdf  |l   |q 49  |r 1  |s https://www.palmknihy.cz/kniha/421316  |t ebook  |y 2025  |z 0  |v Vzlety a pády  |w 4 
999 |d 312761